War profits ... and better babies ... /

Bibliographic Details
Main Author: Goethe, Charles Matthias
Format: Book
Language:English
Published: Sacramento San Francisco : The Keystone press, 1946.
Subjects:

MARC

Tag First Indicator Second Indicator Subfields
LEADER 00000cam a2200000 4500
001 in00000037331
005 20151007072324.0
008 760826s1946 caua 00010 eng
010 |a  46022320  
035 |a (OCoLC)02397481 
035 |9 AAE7663AM 
040 |a DLC  |c TOL  |d TXA  |d UtOrBLW 
049 |a TXAM  |c [146268] 
050 0 0 |a HT165.S8  |b G6 
082 0 |a 613.94 
092 |a 613.94  |b G599w 
100 1 |a Goethe, Charles Matthias. 
245 1 0 |a War profits ... and better babies ... /  |c by C. M. Goethe ... 
264 1 |a Sacramento  |a  San Francisco :  |b The Keystone press,  |c 1946. 
300 |a xiv, 104 pages :  |b illustrations ;  |c 24 cm. 
336 |a text  |b txt  |2 rdacontent 
337 |a unmediated  |b n  |2 rdamedia 
338 |a volume  |b nc  |2 rdacarrier 
500 |a "A tale of war profits, accumulated during world war I ... and of their investment in better babies for Papa Dachert's beloved France. It describes a eugenical garden-city." 
600 1 0 |a Dachert, Alfred. 
610 1 0 |a Strasbourg.  |b Jardins Ungemach. 
650 0 |a Eugenics. 
999 |a MARS 
999 f f |s cd5709e9-0017-30ba-9f92-32843f3f3627  |i e7187a93-4a72-3dc8-bccd-844ca63dd1e3  |t 0 
952 f f |p ric  |a Texas A&M University  |b Rellis Campus  |c Joint Library Facility  |d Remote Storage  |t 0  |e HT165.S8 G6  |h Library of Congress classification  |i unmediated -- volume  |m A14801029305 
998 f f |a HT165.S8 G6  |t 0  |l Remote Storage